| 000 | 00995nac a22003011u 4500 | ||
|---|---|---|---|
| 999 |
_c268 _d268 |
||
| 003 | EG-ScBUE | ||
| 005 | 20210315093322.0 | ||
| 008 | 200219s2002 le f 000 1 eng d | ||
| 020 | _a9953330395 | ||
| 020 | _a978995333039 | ||
| 040 |
_aEG-ScBUE _beng _erda _cEG-ScBUE _dEG-ScBUE |
||
| 082 | 0 | 4 |
_a823.912 _bFOR _222 |
| 100 | 1 |
_aForster, E. M. _q(Edward Morgan), _d1879-1970, _eauthor. |
|
| 245 | 1 | 0 |
_aHowards end : _bwith an introduction and summaries / _cE. M. Forster. |
| 264 | 1 |
_aBeirut : _bYork Press, _c2002. |
|
| 300 |
_a383 pages ; _c24 cm. |
||
| 336 |
_2rdacontent _atext _btxt |
||
| 337 |
_2rdamedia _aunmediated _bn |
||
| 338 |
_2rdacarrier _avolume _bnc |
||
| 490 | 0 | _aYork classics | |
| 650 | 7 |
_aInheritance and succession _vFiction. _2BUEsh |
|
| 650 | 7 |
_aIllegitimate children _vFiction. _2BUEsh _929775 |
|
| 650 | 7 |
_aRemarried people _vFiction. _2BUEsh |
|
| 651 | _2BUEsh | ||
| 653 |
_bHHUUEENN _cMarch2021 |
||
| 655 |
_vReading book _934232 |
||
| 942 |
_cBB _k823F733 _2ddc |
||